000 00614cam a22001694a 4500
005 20250605164345.0
008 250528s ||||||||||||||||||||||||d
035 _a23806
040 _aGR-AtMCL
_bgre
_dGR-AtMCL
_eAACR2
245 1 _aHow Formed the Self-Esteem of People who Grew up in Typical Families and People who Grew up in Families with Separated Parents and the IPA as a Means of Analysis of this Phenomenon
260 _c2014
520 _aDivorced Family, Typical Family, Self-Esteem, IPA, Self-Confidence.
700 1 _aSimoni Chrysoula
_99335
942 _cDS
999 _c8740
_d8740